000 01150pam a22003014a 4500
008
020 _a0443061904 (pbk.)
049 _aMAIN
050 1 0 _aRF46 HAL
245 0 0 _aHall and Colman's diseases of the ear, nose and throat /
_b edited by Martin Burton.
246 3 0 _aDiseases of the ear, nose and throat.
250 _a15th ed. /
_bedited by Martin Burton ; with co-authors, Susanna Leighton, Andrew Robson, John Russell.
260 _aEdinburgh ;
_aNew York :
_bChurchill Livingstone,
_c2000.
300 _a224 p. :
_bill. ;
_c25 cm.
500 _aRev. ed. of: Hall & Colman's diseases of the nose, throat and ear, and head and neck / Bernard H. Colman. 14th ed. 1992.
500 _aIncludes index.
650 0 _aOtolaryngology.
700 1 _aBurton, Martin.
700 1 _aLeighton, Susanna.
700 1 _aRobson, Andrew.
700 1 _aRussell, John.
700 1 _aColman, Bernard H.
_tHall & Colman's diseases of the nose, throat and ear, and head and neck.
907 _a.b10256775
_b26-07-12
_c18-09-08
003
005 20230120204005.0
040 _cNUST
942 _cBOOKS
999 _c115153
_d115153